Атеисты - Армагеддон - Statistics

General Stats
  • This quiz has been taken 26 times
  • The average score is 3 of 23
Answers on the Grid
Answers color-coded by a green-red scale on the quiz's grid according to % correct below.
Артур Кларк
Ричард Докинз
Джордано Бруно
Лео Таксиль
Айзек Азимов
Наполеон Бонапарт
Ричард Фейнман
Иоганн Вольфганг фон Гёте
Людвиг Фейербах
Чарльз Дарвин
Лев Ландау
Илон Маск
Галилео Галилей
Альберт Эйнштейн
Исаак Ньютон
Пьер-Симон Лаплас
Томас Гексли
Александр Марков
Фридрих Ницше
Стивен Хокинг
Дэвид Юм
Владимир Вернадский
Николай Чернышевский
Макс Планк
Евгений Понасенков
Станислав Дробышевский
Герберт Уэллс
Иммануил Кант
Нильс Бор
Карл Маркс
Бертран Рассел
Жан-Поль Сартр
Теодор Драйзер
Курт Гёдель
Николай Коперник
Владимир Ленин
Роберт Сапольски
Константин Циолковский
Дмитрий Менделеев
Джордж Карлин
 
Answer Stats
Answer % Correct
Айзек Азимов
46%
Лев Ландау
38%
Артур Кларк
31%
Стивен Хокинг
31%
Фридрих Ницше
23%
Николай Чернышевский
23%
Евгений Понасенков
23%
Владимир Ленин
23%
Ричард Фейнман
15%
Иммануил Кант
15%
Карл Маркс
15%
Ричард Докинз
8%
Людвиг Фейербах
8%
Томас Гексли
8%
Станислав Дробышевский
8%
Бертран Рассел
8%
Джордж Карлин
8%
Лео Таксиль
0%
Пьер-Симон Лаплас
0%
Герберт Уэллс
0%
Жан-Поль Сартр
0%
Теодор Драйзер
0%
Роберт Сапольски
0%
No matching quizzes found
Score Distribution
Percent of People with Each Score
Percentile by Number Answered
Your Score History
You have not taken this quiz